| 000 | 00916cam a2200145ua 4500 | ||
|---|---|---|---|
| 041 |
_aeng _h |
||
| 082 |
_a627.83 _bIND/GL |
||
| 110 | 1 |
_aIndian standards instituion . _bISI _c() |
|
| 245 |
_aGlossary of terms relating to river valley projects Part -9 Spillways and siphons / _cIndian standards institution. _hTextual Documents |
||
| 260 |
_a : _bISI , _c1982. |
||
| 300 | _a20 ; . | ||
| 504 | _a | ||
| 942 | _cBK | ||
| 999 |
_c4176 _d4176 |
||